000 00480nam a2200181Ia 4500
008 210210b2000 xxu||||| |||| 00| 0 eng d
020 _a81 224 1023 5
082 _a636.5 CHAP
100 _aCHAUHAN (H V S)
245 _aPoultry diseases, diagnosis and treatment. Ed.2
250 _a
260 _aND
_bNew Age International (P) Ltd.
_c2000
300 _axi,430
650 _aPoultry diseases
690 _aAnimal Husbandry
700 _aROY (SUSHOVAN).
906 _a059683
999 _c106575
_d106575